Τα χαρακτηριστικά της αγροτικής παραγωγής και των αγροτικών νοικοκυριών στη Λέσβο : [πτυχιακή]

Αποθηκεύτηκε σε:
Λεπτομέρειες βιβλιογραφικής εγγραφής
Κύριος συγγραφέας: Ελευθερίου, Βασιλική
Συγγραφή απο Οργανισμό/Αρχή: Πανεπιστήμιο Αιγαίου. Σχολή Κοινωνικών Επιστημών. Τμήμα Γεωγραφίας
Άλλοι συγγραφείς: Κίζος, Αθανάσιος (Εισηγητής διατριβής)
Μορφή: Thesis Βιβλίο
Γλώσσα:Greek
Δημοσίευση: 2011
Θέματα:
Διαθέσιμο Online:http://hdl.handle.net/11610/6201
Ετικέτες: Προσθήκη ετικέτας
Δεν υπάρχουν, Καταχωρήστε ετικέτα πρώτοι!

MARC

LEADER 00000cam a2200000 i 4500
001 1/16452
008 111114s2011 gre d
035 |l 10111356 
040 |a GR-MY-UA  |b gre  |e aacr 
041 0 |a gre 
082 0 |a 338.1  |2 (22) 
100 1 |a Ελευθερίου, Βασιλική. 
245 1 3 |a Τα χαρακτηριστικά της αγροτικής παραγωγής και των αγροτικών νοικοκυριών στη Λέσβο :  |b [πτυχιακή] /  |c Ελευθερίου Βασιλική ; επιβλέπων καθηγητής: Κίζος Αθανάσιος 
260 |c 2011 
300 |a 57 σ.;  |b εικ.;  |c 30 εκ. 
502 |a Πτυχιακή εργασία – Πανεπιστήμιο Αιγαίου, Λέσβος, 2011. 
504 |a Βιβλιογραφία: σ. 56-57 
650 0 0 |a Agriculture  |z Greece  |z Lesbos Island. 
650 0 0 |a Agriculture  |x Economic aspects  |z Greece  |z Lesbos Island. 
650 0 0 |a Agricultural surveys. 
650 0 0 |a Dissertations, Academic  |z Greece. 
700 1 |4 ths  |a Κίζος, Αθανάσιος. 
710 2 |a Πανεπιστήμιο Αιγαίου.   |b Σχολή Κοινωνικών Επιστημών.   |b Τμήμα Γεωγραφίας. 
852 |a INST  |b LESVOS  |c DIATR  |e 20111114  |h 625  |p 005100051057  |q 005100051057  |t DIE  |y 23 
852 |a INST  |b LESVOS  |c DIATR  |e 20111114  |h 626  |p 005100051046  |q 005100051046  |t DIE  |y 23 
856 |u http://hdl.handle.net/11610/6201 
901 |a BIBL1-2011-3 
909 |a Λ  |b 173090 
909 |a Λ  |b 173091 
924 |a ΕΛΕΥΘΕΡΙΟΥ  |b ΒΑΣΙΛΙΚΗ  |y ΛΕΣΒΟΣ  |z 2011-04 
970 |a ΤΖΑΦΕΡΗ  |b ΕΥΑΓΓΕΛΙΑ  |z 2011/11/14